| 000 | 00567nam a2200205Ia 4500 | ||
|---|---|---|---|
| 005 | 20260429112046.0 | ||
| 008 | 260429s9999||||xx |||||||||||||| ||und|| | ||
| 020 | _a9781836599340 | ||
| 041 | _aEnglish | ||
| 082 |
_a621.3815 _bPHI |
||
| 100 | _aPhillips, Roger | ||
| 245 | 0 |
_aAmplifier and oscillator circuit design / _cRoger Phillips |
|
| 250 | _a1st ed. | ||
| 260 |
_aWaltham Abbey Essesx : _bChapman Press, _c2026. |
||
| 300 | _aviii, 254 p.; hb | ||
| 650 | _a Electronic circuit design | ||
| 650 | _a Oscillators | ||
| 650 | _aAmplifiers | ||
| 942 | _cTB | ||
| 999 |
_c52134 _d52134 |
||